00309nam a2200109 a 4500008004100000050001300041100002000054245006600074260003400140300001600174350000900190120416s1977 ||||||||||||||||| || u aT 56 Hic aHicks, Philip E10aIntroduction to industrial engineering and management science aNew YorkbMcGraw-Hillc[1977] axiii, 336p. a0.00